The First Spring life in the golden age of india (Record no. 1264071)

MARC details
000 -LEADER
fixed length control field 00561nam a2200193Ia 4500
008 - FIXED-LENGTH DATA ELEMENTS--GENERAL INFORMATION
fixed length control field 151121s9999||||xx |||||||||||||| ||und||
082 ## - DEWEY DECIMAL CLASSIFICATION NUMBER
Classification number 954.5/ERA
082 ## - DEWEY DECIMAL CLASSIFICATION NUMBER
Item number HNW-115342
100 ## - MAIN ENTRY--PERSONAL NAME
Personal name Eraly Abraham
245 #4 - TITLE STATEMENT
Title The First Spring life in the golden age of india
260 ## - PUBLICATION, DISTRIBUTION, ETC. (IMPRINT)
Name of publisher, distributor, etc "Penguin Book India, N। Delhi"
260 ## - PUBLICATION, DISTRIBUTION, ETC. (IMPRINT)
Date of publication, distribution, etc 2014
300 ## - PHYSICAL DESCRIPTION
Extent 501
600 ## - SUBJECT ADDED ENTRY--PERSONAL NAME
Personal name Eraly Abraham
630 ## - SUBJECT ADDED ENTRY--UNIFORM TITLE
Uniform title The First Spring life in the golden age of india
700 ## - ADDED ENTRY--PERSONAL NAME
Personal name Eraly Abraham
730 ## - ADDED ENTRY--UNIFORM TITLE
Uniform title The First Spring life in the golden age of india
942 ## - ADDED ENTRY ELEMENTS (KOHA)
Koha item type Book
Holdings
Withdrawn status Lost status Damaged status Not for loan Home library Current library Date acquired Cost, normal purchase price Total Checkouts Full call number Barcode Date last seen Cost, replacement price Price effective from Koha item type
        Hirachand Nemchand Wachanalaya, Solapur Hirachand Nemchand Wachanalaya, Solapur 07/25/2014 499.00   HNW-115342 HNW-115342 11/21/2015 499.00 11/21/2015 Book